000 00715nam a2200241 a 4500
001 BRCA_8098
005 20190320210130.0
008 070414s1961----nyua###f##---#000-0#eng-#
041 _aeng
044 _anyu
050 4 _aPN6195
_b.SN672
_c1961
100 1 _aSnivib, Revilo
_920145
245 1 0 _aWhat´s up doc?
_cCompiled and edited by Revilo Snivib.
260 _aNew York
_bCharm Books
_c1961
300 _a128 p.
_bil.
_c21 cm.
500 _aY143
500 _aDedicatoria de Ruth Boyle al señor Franz Mayer
500 _aTítulo original ´Let´s play doctor´
650 1 4 _aHumorismo
_vChistes
_zEstados Unidos
_920146
650 1 4 _aCaricatura
_zEstados Unidos
_920147
902 _aGFM
942 _2lcc
_cB
999 _c7766
_d7766